00764nam a2200241Ia 45000010006000000050017000060070003000230080041000260200007000670400024000740410008000980820023001061000033001292450079001622500013002412600048002543000018003026530024003206530028003449420012003729520121003849990017005054252420240114003508.0ta080704s1985 g b000 u asm u cHB aCottonCollege,Assam aasm a891.414bBh 469 Bh aBhattacharyya, Gaurisankar . 0aBhumi-Putrar Marma Bedana /cGaurisankar Bhattacharyya.hTextual Documents aIst ed / aGuwahati :bTarulata Bhattacharyya ,c1985. a208p ;c23cm. aAssamese Literature aT/G-Assamese Literature 2ddccBK 001040708T/GaSKBLbSKBLd2012-02-01f00000l0o891.414 Bh 469 Bhp892092r2024-01-14 00:00:00t1w2012-02-01yBK c42490d42490